00671cam a22002171a 4500001001300000003000400013005001700017008004100034010001700075035002000092040001700112050001500129100005800144245007500202250001900277260005100296300002000347650004300367700002600410999001700436ne 67000205 DLC20260227111829.0920721s1965 le 000 0 arar  ane 67000205  a(OCoLC)26226729 aDLCcUUdDLC00aBP166b.F31 aFandalāwī, Yūsuf ibn Dūnās,d-1148 or 1149.10aFatwá al-Fandalāwī wa-qiṣṣatuhā /cJawād al-Murābiṭ. aal-Ṭaʻbah 1 aBayrūt :bDār al-Kitāb al-Jadīd,c1965 a60 p. ;c25 cm. 0aIslamxDoctrinesvEarly works to 1800.1 aMurābiṭ, Jawād. c49355d49355